| 000 | 00520nam a2200157Ia 4500 | ||
|---|---|---|---|
| 005 | 20250428131002.0 | ||
| 008 | 231217s9999 xx 000 0 und d | ||
| 020 | _a9780071451628 | ||
| 082 | _a658 SLE;1 R | ||
| 100 | _aSleeper, Andrew. | ||
| 245 | 0 | _aDesign for six sigma statistics : 59 tools for diagnosing and solving problems in DFSS initiatives | |
| 260 |
_c2006 _bMacgraw-hill _aNew York |
||
| 300 | _axxiii, 854 | ||
| 650 | _asix,sigma,statistics,59,tools,diagnosing,solving,DFSS,initiatives | ||
| 942 | _cAA | ||
| 999 |
_c182056 _d182056 |
||